01001cam a2200253 i 450000100100000000500170001000800410002701000130006804000230008105000160010410000440012024501130016425000110027726000280028830000840031644000580040065000480045870000410050670000270054791000340057408200080060895201140061699900170073000001404520200929163441.0800410s1978 ec af 000 1 spa  a80106486 aDO-SdBNPcDLCdDLC00aPQ8213b.R61 aRodriguez, Marco Antonio,d1941-92272310aRelato /cMarco Antonio Rodriguez. Poesia / Euler Granda ; [fotografia y produccion musical, Jorge Aravena]. a1. ed. aQuito :b[s.n.],c1978. a194 p., [15] leaves of plates :bill. ;c21 cm. & disc (45 rpm. stereo. 7 in.). 0aColeccion Musica, palabra e imagen del Ecuador931814 0aEcuadorian literaturey20th century.93181512aGranda, Euler,tPoesia. 1978.9318161 aAravena, Jorge.931817 aCatalogación por copia / LC00a860 001052708MOaGRbGRcCTd2009-12-02iLF1l0o860 p14045-10r2020-06-25w2020-06-25y2ZPréstamo interno c13647d13647